Villes françaises ayant un club dans l'une des 3 premières divisions (football) - Statistiques

Statistiques générales
  • Ce quiz a été pris 2 119 fois
  • Le résultat moyen est 32 sur 53
Statistiques - réponses
Région Division(s) Ville % Correct
Île-de-France Ligue 1; National Paris
99%
Auvergne-Rhône-Alpes Ligue 1; National Lyon
97%
Corse Ligue 2 ; Ligue 2 Ajaccio
96%
Provence-Alpes-Côte d'Azur Ligue 1; National Marseille
96%
Hauts-de-France Ligue 1 Lille
95%
Corse Ligue 1 ;National Bastia
94%
Provence-Alpes-Côte d'Azur Ligue 1 Nice
94%
Principauté étrangère Ligue 1 Monaco
93%
Bretagne Ligue 1 Rennes
93%
Pays de la Loire Ligue 1 Nantes
92%
Nouvelle-Aquitaine Ligue 1 Bordeaux
91%
Auvergne-Rhône-Alpes Ligue 1 Saint-Etienne
89%
Grand Est Ligue 2 Strasbourg
88%
Bretagne Ligue 2 Brest
87%
Occitanie Ligue 1 Toulouse
87%
Hauts-de-France Ligue 2 Lens
85%
Normandie Ligue 1 Caen
81%
Grand Est Ligue 1 Metz
81%
Bretagne Ligue 1 Lorient
80%
Occitanie Ligue 1 Montpellier
79%
Pays de la Loire Ligue 1 Angers
75%
Bourgogne-Franche-Comté Ligue 1 Dijon
74%
Normandie Ligue 2 Le Havre
72%
Grand Est Ligue 1 Nancy
72%
Auvergne-Rhône-Alpes Ligue 2 Clermont-Ferrand
71%
Grand Est Ligue 2 Reims
69%
Bretagne Ligue 1 Guingamp
66%
Bourgogne-Franche-Comté Ligue 2 Auxerre
65%
Occitanie Ligue 2 Nîmes
61%
Hauts-de-France Ligue 2 Amiens
59%
Grand Est Ligue 2 Troyes
59%
Normandie National Quevilly / Rouen
58%
Bourgogne-Franche-Comté Ligue 2 Sochaux
54%
Hauts-de-France Ligue 2 Valenciennes
52%
Centre-Val de Loire Ligue 2 Orléans
50%
Centre-Val de Loire Ligue 2 Tours
48%
Hauts-de-France National Dunkerque
43%
Nouvelle-Aquitaine National Pau
43%
Pays de la Loire Ligue 2 Laval
41%
Nouvelle-Aquitaine Ligue 2 Niort
35%
Grand Est National Sedan
34%
Hauts-de-France National Boulogne-sur-Mer
30%
Centre-Val de Loire National Châteauroux
30%
Île-de-France National Créteil
27%
Bretagne National Concarneau
22%
Auvergne-Rhône-Alpes Ligue 2 Bourg-en-Bresse
21%
Occitanie National Béziers
17%
Île-de-France Ligue 2 Saint-Ouen
15%
Grand Est National Epinal
14%
Normandie National Avranches
13%
Hauts-de-France National Chambly
13%
Bourgogne-Franche-Comté National Belfort
10%
Pays de la Loire National Les Herbiers
10%
Aucun quiz correspondant
Distribution des résultats
% des personnes avec chaque résultat
Percentile par nombre de réponses
Votre historique - résultats
Vous n’avez pas pris ce quiz